000 01459nam0a2200325 4500
001 RU\NLR\BIBL_A\012174450
005 20200124112124.0
010 _a978-5-604248-3-0
_9300
021 _aRU
_bКН-П-19-092159
_9КН-П-19-6744
035 _a(NLR Aleph) 012174450
035 _a(RuMoRGB)010183549
090 _a12256398
_c12256398
100 _a20191228d2019 u y0rusy50 ca
101 0 _arus
102 _aRU
105 _ay|||z|||000ay
200 1 _aРассказы
_fЛюбовь Скоробогатько
210 _aТамбов
_cСтудия печати Галины Золотовой
_d2019
215 _a194 с.
_d21
300 _aЗагл. обл.: Свет в окошке
320 _aДр. произведения авт. на 4-й с. обл.
327 0 _aСодерж.: Сватовство Наташки; Вальс с деканом; Обычный рейс; Пожар в лесу; Без права показа в Сухотинки; Я тоже хочу маму; Ягодка; Встреча на вокзале; Многоумная Мария; О чём мечтают бабушки [и др.]
512 1 _aСвет в окошке
686 2 _aШ6(2=Р)8-440.5
700 1 _aСкоробогатько
_bЛ. Г.
_gЛюбовь Григорьевна
942 _cBOOK
980 _aNB